Pokemon Starters and Their Evolutions - Statistics

General Stats
  • This quiz has been taken 23 times
  • The average score is 50 of 81
Answer Stats
Gen Typing Answer % Correct
I Water Blastoise
100%
I Grass/Poison Bulbasaur
100%
I Fire/Flying Charizard
100%
I Fire Charmander
100%
I Fire Charmeleon
100%
I Grass/Poison Ivysaur
100%
I Water Squirtle
100%
I Grass/Poison Venusaur
100%
I Water Wartortle
100%
III Fire/Fighting Blaziken
88%
II Fire Cyndaquil
81%
II Grass Meganium
81%
II Fire Quilava
81%
III Fire Torchic
81%
IV Grass/Ground Torterra
81%
II Fire Typhlosion
81%
II Grass Bayleef
75%
II Grass Chikorita
75%
II Water Croconaw
75%
II Water Feraligatr
75%
VI Water/Dark Greninja
75%
III Water Mudkip
75%
III Grass Sceptile
75%
II Water Totodile
75%
III Grass Treecko
75%
IV Grass Turtwig
75%
IV Fire Chimchar
69%
V Water Oshawott
69%
IV Water Piplup
69%
VI Grass/Fighting Chesnaught
63%
VI Grass Chespin
63%
III Fire/Fighting Combusken
63%
V Fire/Fighting Emboar
63%
VI Water Froakie
63%
III Grass Grovyle
63%
IV Fire/Fighting Infernape
63%
III Water/Ground Marshtomp
63%
V Grass Snivy
63%
III Water/Ground Swampert
63%
IV Water/Steel Empoleon
56%
VI Fire Fennekin
56%
IX Fire Fuecoco
56%
VII Fire/Dark Incineroar
56%
IV Fire/Fighting Monferno
56%
VII Grass/Flying Rowlet
56%
IX Grass Sprigatito
56%
V Fire Tepig
56%
VII Grass/Flying Dartrix
50%
VII Grass/Ghost Decidueye
50%
VI Water Frogadier
50%
VIII Grass Grookey
50%
VII Fire Litten
50%
IX Grass/Dark Meowscarada
50%
VII Water Popplio
50%
VII Water/Fairy Primarina
50%
IV Water Prinplup
50%
IX Water Quaxly
50%
V Water Samurott
50%
VIII Fire Scorbunny
50%
V Grass Servine
50%
VI Fire Braixen
44%
VIII Fire Cinderace
44%
VI Fire/Psychic Delphox
44%
V Water Dewott
44%
IV Grass Grotle
44%
VIII Water Inteleon
44%
V Fire/Fighting Pignite
44%
IX Water/Fighting Quaquaval
44%
VI Grass Quilladin
44%
VIII Grass Rillaboom
44%
V Grass Serperior
44%
VIII Water Sobble
44%
VII Water Brionne
38%
VIII Water Drizzile
38%
VIII Fire Raboot
38%
IX Fire/Ghost Skeledirge
38%
VIII Grass Thwackey
38%
VII Fire Torracat
38%
IX Fire Crocalor
31%
IX Grass Floragato
31%
IX Water Quaxwell
25%
No matching quizzes found
Score Distribution
Percent of People with Each Score
Percentile by Number Answered
Your Score History
You have not taken this quiz